000 00461nam a2200121Ia 4500
008 220216s9999 xx 000 0 und d
100 _aSeneviratne W M G
245 0 _aPerformance of treatment of rubber process effluents by anaerobic-aerobic treatment plants in Sri Lanka
260 _bPreprints of Papers. International Natural Rubber Conference 13-14 November 2006, Vietnam, pp.470-481.
650 _aEffluent treatment
650 _aSri Lanka
942 _cJS
999 _c64802
_d64802